[Event "M.Chigorin Memorial 2014"]
[Site "St. Petersburg"]
[Date "2014.10.19"]
[Round "2.50"]
[White "Sorokin, Aleksey"]
[Black "Iljiushenok, Ilia"]
[Result "1/2-1/2"]
[WhiteElo "2246"]
[BlackElo "2433"]
[PlyCount "81"]
[EventDate "2014.10.18"]
[EventType "swiss"]
[EventCountry "RUS"]

1. d4 d5 2. Nf3 Nf6 3. c4 c6 4. Nc3 dxc4 5. a4 Bg4 6. Ne5 Bh5 7. Nxc4 Na6 8.
Qb3 e6 9. Bg5 Nb4 10. Rd1 h6 11. Bxf6 Qxf6 12. Ne5 O-O-O 13. g3 Bg6 14. Nxg6
Qxg6 15. e3 Qf5 16. Bc4 Nc2+ 17. Ke2 Nb4 18. Na2 a5 19. Nxb4 Bxb4 20. f3 h5 21.
Qd3 Qf6 22. Qe4 Rd6 23. Rd3 Rhd8 24. Rhd1 g5 25. Kf2 Qh6 26. f4 h4 27. g4 gxf4
28. Qxf4 Qg7 29. h3 R6d7 30. Ke2 Bd6 31. Qf3 Kb8 32. Rf1 Ka8 33. Rdd1 Bb4 34.
Qf6 Qf8 35. Qe5 Qg8 36. Qf6 Qf8 37. Qe5 Qg8 38. Qf6 Ka7 39. b3 Qf8 40. Qe5 Qg8
41. Qf6 1/2-1/2

[Event "M.Chigorin Memorial 2014"]
[Site "St. Petersburg"]
[Date "2014.10.19"]
[Round "2.51"]
[White "Ziaziulkina, Nastassia"]
[Black "Schekachikhin, Maksim"]
[Result "1/2-1/2"]
[WhiteElo "2429"]
[BlackElo "2233"]
[PlyCount "100"]
[EventDate "2014.10.18"]
[EventType "swiss"]
[EventCountry "RUS"]

1. e4 e5 2. Nf3 Nf6 3. d4 Nxe4 4. Bd3 d5 5. Nxe5 Nd7 6. Nxd7 Bxd7 7. O-O Bd6 8.
c4 c6 9. cxd5 cxd5 10. Nc3 Nxc3 11. bxc3 O-O 12. Qh5 g6 13. Qxd5 Qc7 14. c4 Bc6
15. Qg5 Bxh2+ 16. Kh1 Bd6 17. d5 Rae8 18. f4 f6 19. Qg3 Ba4 20. Bd2 Bc5 21. Rf3
Qg7 22. Qh4 f5 23. Rb1 Rf7 24. Rh3 b6 25. Kh2 Bd7 26. Bc1 Rfe7 27. Bb2 Bd4 28.
Ba3 Re3 29. Bd6 Rxh3+ 30. gxh3 Bc3 31. Qf2 Qf6 32. Bb4 Bd4 33. Qf1 Be3 34. Kh1
Qh4 35. Bd6 g5 36. Re1 gxf4 37. Re2 Kf7 38. Bb4 Qh5 39. Rg2 Qxh3+ 40. Rh2 Qxf1+
41. Bxf1 Rg8 42. Rxh7+ Rg7 43. Rxg7+ Kxg7 44. Kg2 Kf6 45. Bc3+ Kg5 46. Be2 Bc5
47. Be5 Be8 48. Bc7 Be3 49. Be5 a5 50. d6 Bd7 1/2-1/2

[Event "M.Chigorin Memorial 2014"]
[Site "St. Petersburg"]
[Date "2014.10.19"]
[Round "2.52"]
[White "Kosarev, Aleksey"]
[Black "Gochelashvili, David"]
[Result "0-1"]
[WhiteElo "2237"]
[BlackElo "2427"]
[PlyCount "62"]
[EventDate "2014.10.18"]
[EventType "swiss"]
[EventCountry "RUS"]

1. e4 g6 2. d4 Bg7 3. c4 c5 4. d5 d6 5. Nc3 e6 6. Bd3 Ne7 7. h3 O-O 8. Nf3 h6
9. O-O g5 10. dxe6 Bxe6 11. Be3 Nbc6 12. Qd2 Ng6 13. Rfd1 Nce5 14. Nxe5 Bxe5
15. Nd5 Bxd5 16. exd5 f5 17. Rf1 Qf6 18. Qc2 Rae8 19. Rab1 h5 20. b4 b6 21.
bxc5 dxc5 22. Bc1 h4 23. Bb2 Nf4 24. Bxe5 Rxe5 25. Rfe1 g4 26. Bf1 gxh3 27.
gxh3 Kh7 28. Rxe5 Qxe5 29. Kh1 Rg8 30. a4 Kh6 31. Bd3 Qg7 0-1

[Event "M.Chigorin Memorial 2014"]
[Site "St. Petersburg"]
[Date "2014.10.19"]
[Round "2.53"]
[White "Pletnev, Evgeniy"]
[Black "Hayrapetyan, Hovik"]
[Result "0-1"]
[WhiteElo "2234"]
[BlackElo "2426"]
[PlyCount "70"]
[EventDate "2014.10.18"]
[EventType "swiss"]
[EventCountry "RUS"]

1. d4 Nf6 2. Bg5 d5 3. e3 e6 4. Bd3 h6 5. Bh4 c5 6. c3 Qb6 7. Qc1 Bd7 8. Nd2
Bb5 9. Bxb5+ Qxb5 10. Bxf6 gxf6 11. c4 dxc4 12. Nxc4 cxd4 13. Ne2 dxe3 14. O-O
exf2+ 15. Rxf2 Nd7 16. Kh1 Qc5 17. Qf4 b5 18. Nd2 Rd8 19. Nc3 Be7 20. Re1 Ne5
21. Nde4 Nd3 22. Nxc5 Nxf4 23. Rxf4 Bxc5 24. Nxb5 Ke7 25. b4 Bb6 26. Ref1 f5
27. Re1 Rd3 28. a4 a6 29. a5 Re3 30. Rxe3 Bxe3 31. Rf3 Rc8 32. g3 Bd2 33. Nd4
Rc4 34. Rd3 Bxb4 35. Nf3 Rc3 0-1

[Event "M.Chigorin Memorial 2014"]
[Site "St. Petersburg"]
[Date "2014.10.19"]
[Round "2.54"]
[White "Petrosyan, Tigran S"]
[Black "Davydov, Sergey P"]
[Result "1/2-1/2"]
[WhiteElo "2426"]
[BlackElo "2228"]
[PlyCount "75"]
[EventDate "2014.10.18"]
[EventType "swiss"]
[EventCountry "RUS"]

1. Nf3 Nf6 2. c4 e6 3. g3 d5 4. Bg2 c6 5. d4 Nbd7 6. Nbd2 Be7 7. O-O O-O 8. Qc2
b6 9. e4 dxe4 10. Nxe4 Bb7 11. Rd1 Nxe4 12. Qxe4 Nf6 13. Qc2 Qc8 14. c5 h6 15.
b3 Rd8 16. Bb2 Nd5 17. a3 Qc7 18. Ne5 bxc5 19. dxc5 a5 20. Rac1 Ba6 21. Ng4 Ra7
22. Qe4 Rb7 23. Qd4 Nf6 24. Qc3 Rxd1+ 25. Rxd1 Qb8 26. Nxf6+ Bxf6 27. Qxa5 Be2
28. Rd2 Rb5 29. Qa4 Rxb3 30. Rxe2 Bxb2 31. Qxc6 Bxa3 32. Be4 Rc3 33. Qb6 Qf8
34. c6 f5 35. Rc2 Bc5 36. Qb2 Rxc2 37. Bxc2 Qd6 38. Qb5 1/2-1/2

[Event "M.Chigorin Memorial 2014"]
[Site "St. Petersburg"]
[Date "2014.10.19"]
[Round "2.55"]
[White "Severina, Maria"]
[Black "Paravyan, David"]
[Result "1/2-1/2"]
[WhiteElo "2229"]
[BlackElo "2424"]
[PlyCount "86"]
[EventDate "2014.10.18"]
[EventType "swiss"]
[EventCountry "RUS"]

1. d4 Nf6 2. c4 g6 3. Nc3 d5 4. cxd5 Nxd5 5. Bd2 Bg7 6. e4 Nb6 7. Be3 O-O 8. h3
e5 9. Nf3 exd4 10. Bxd4 Nc6 11. Bxg7 Qxd1+ 12. Rxd1 Kxg7 13. Bb5 Nb4 14. a3 a6
15. Be2 Nc6 16. O-O Be6 17. Nd4 Nxd4 18. Rxd4 c5 19. Rd6 Nc8 20. Rd2 b5 21. f4
Ne7 22. Rd6 Rfc8 23. Rc1 Rc6 24. Rxc6 Nxc6 25. a4 Nd4 26. Bf1 Rb8 27. axb5 axb5
28. Kf2 h5 29. Ke3 h4 30. Nd5 Bxd5 31. Rxc5 Bc4 32. Bxc4 bxc4 33. Kxd4 Rxb2 34.
Rg5 Re2 35. e5 f5 36. exf6+ Kxf6 37. Rg4 Kf5 38. Rg5+ Kxf4 39. Rxg6 Re4+ 40.
Kc3 Ke3 41. g3 hxg3 42. Rxg3+ Kf2 43. Rg4 Re3+ 1/2-1/2

[Event "M.Chigorin Memorial 2014"]
[Site "St. Petersburg"]
[Date "2014.10.19"]
[Round "2.56"]
[White "Smirnov, Timofey"]
[Black "Monin, Nikolay"]
[Result "1-0"]
[WhiteElo "2419"]
[BlackElo "2209"]
[PlyCount "85"]
[EventDate "2014.10.18"]
[EventType "swiss"]
[EventCountry "RUS"]

1. e4 e6 2. d4 d5 3. Nc3 Nf6 4. e5 Nfd7 5. f4 c5 6. Nf3 Nc6 7. Be3 Qb6 8. Na4
Qa5+ 9. c3 b6 10. Be2 Ba6 11. Bxa6 Qxa6 12. b3 cxd4 13. Nxd4 Nxd4 14. Bxd4 Be7
15. Qe2 Qxe2+ 16. Kxe2 O-O 17. Nb2 Rfc8 18. Nd3 Nc5 19. Nf2 Rc6 20. Rac1 Rac8
21. Rc2 h5 22. Kd2 Kh7 23. Re1 Bh4 24. g3 Be7 25. Re3 g5 26. Rf3 g4 27. Re3 Kg6
28. Kc1 Kf5 29. Ree2 h4 30. b4 Na4 31. Nd1 hxg3 32. hxg3 Kg6 33. a3 b5 34. Kd2
a5 35. Kd3 axb4 36. axb4 f5 37. exf6 Bxf6 38. Bxf6 Kxf6 39. Rh2 d4 40. cxd4 Nb6
41. Rxc6 Rxc6 42. Ne3 Ke7 43. Rh5 1-0

[Event "M.Chigorin Memorial 2014"]
[Site "St. Petersburg"]
[Date "2014.10.19"]
[Round "2.57"]
[White "Semenova, Irina"]
[Black "Tunik, Gennady"]
[Result "0-1"]
[WhiteElo "2220"]
[BlackElo "2417"]
[PlyCount "84"]
[EventDate "2014.10.18"]
[EventType "swiss"]
[EventCountry "RUS"]

1. e4 c5 2. Nf3 e6 3. d4 cxd4 4. Nxd4 Nc6 5. Nc3 a6 6. Be2 Qc7 7. Be3 Nf6 8.
O-O b5 9. a3 Bb7 10. f4 Nxd4 11. Qxd4 Rc8 12. Kh1 h5 13. Rad1 Bc5 14. Qxc5 Qxc5
15. Bxc5 Rxc5 16. e5 Ne4 17. Nxe4 Bxe4 18. c3 g5 19. Rd4 Bc6 20. Bf3 Bxf3 21.
Rxf3 gxf4 22. Rdxf4 Rxe5 23. Rxf7 Rh7 24. Rf8+ Ke7 25. Kg1 Re1+ 26. Rf1 Rxf1+
27. Rxf1 Rg7 28. h3 Rg5 29. Rf4 Rd5 30. a4 a5 31. axb5 Rxb5 32. b4 a4 33. Rf2
Rb8 34. Ra2 Ra8 35. c4 a3 36. c5 Kd8 37. Kf2 Kc7 38. Ke3 Kc6 39. Kd4 Kb5 40.
Kc3 h4 41. Kb3 e5 42. Kc3 e4 0-1

[Event "M.Chigorin Memorial 2014"]
[Site "St. Petersburg"]
[Date "2014.10.19"]
[Round "2.58"]
[White "Siagodnik, Anton"]
[Black "Khusenkhojaev, Muhammad"]
[Result "1-0"]
[WhiteElo "2208"]
[BlackElo "2416"]
[PlyCount "89"]
[EventDate "2014.10.18"]
[EventType "swiss"]
[EventCountry "RUS"]

1. d4 d5 2. Nf3 Nf6 3. g3 g6 4. Bg2 Bg7 5. O-O O-O 6. c4 dxc4 7. Na3 Nc6 8.
Nxc4 Be6 9. b3 Qc8 10. Bb2 Rd8 11. Re1 a5 12. Qc2 Nb4 13. Qb1 a4 14. e4 axb3
15. axb3 Rxa1 16. Bxa1 c6 17. Bc3 Na6 18. Ng5 Nc7 19. Qb2 Bd7 20. Bb4 Bf8 21.
d5 Nb5 22. d6 c5 23. Ba5 Re8 24. e5 exd6 25. exf6 Rxe1+ 26. Bxe1 Qe8 27. Bd2 h6
28. Nf3 d5 29. Nce5 Be6 30. b4 b6 31. Bf1 Nd6 32. Qc1 Ne4 33. Bxh6 Nxf6 34.
Bxf8 Qxf8 35. Ng5 Qd6 36. Nxe6 Qxe6 37. f4 c4 38. Bg2 b5 39. Qe3 Qf5 40. Qa7
Ne4 41. Bxe4 dxe4 42. Qb8+ Kg7 43. Qxb5 g5 44. Qxc4 gxf4 45. Qxf7+ 1-0

[Event "M.Chigorin Memorial 2014"]
[Site "St. Petersburg"]
[Date "2014.10.19"]
[Round "2.59"]
[White "Sarana, Alexey"]
[Black "Bivol, Alina"]
[Result "0-1"]
[WhiteElo "2416"]
[BlackElo "2208"]
[PlyCount "106"]
[EventDate "2014.10.18"]
[EventType "swiss"]
[EventCountry "RUS"]

1. e4 e6 2. d4 d5 3. Nc3 Bb4 4. e5 c5 5. a3 Ba5 6. b4 cxd4 7. Nb5 Bc7 8. f4 Bd7
9. Nxc7+ Qxc7 10. Nf3 Ba4 11. Bd3 Ne7 12. O-O Qb6 13. Bb2 Nbc6 14. Qe2 a6 15.
Qf2 Bb5 16. Bxd4 Nxd4 17. Qxd4 Qxd4+ 18. Nxd4 Bxd3 19. cxd3 Rc8 20. Kf2 g6 21.
Rfc1 Kd7 22. Ke2 h5 23. g3 Rhg8 24. Kd2 Rxc1 25. Rxc1 Rc8 26. Ra1 Nc6 27. Nf3
Na7 28. Rb1 Ra8 29. Kc1 Rc8+ 30. Kb2 Nb5 31. a4 Nc3 32. Ra1 Ne2 33. b5 d4 34.
Ra3 axb5 35. axb5 Rc5 36. Ra8 Rxb5+ 37. Kc2 Rb4 38. Ng5 h4 39. Ne4 hxg3 40.
hxg3 Nc3 41. Nf6+ Kc6 42. Rf8 Na4 43. Rxf7 Rb2+ 44. Kd1 Rg2 45. g4 Nb2+ 46. Ke1
Nxd3+ 47. Kf1 Rf2+ 48. Kg1 Rxf4 49. Re7 Nc5 50. Re8 d3 51. Rd8 Kc7 52. Ra8 d2
53. Ra1 Rc4 0-1

[Event "M.Chigorin Memorial 2014"]
[Site "St. Petersburg"]
[Date "2014.10.19"]
[Round "2.60"]
[White "Ponomarev, Dmitry"]
[Black "Kharmunova, Nadezhda"]
[Result "1/2-1/2"]
[WhiteElo "2413"]
[BlackElo "2206"]
[PlyCount "81"]
[EventDate "2014.10.18"]
[EventType "swiss"]
[EventCountry "RUS"]

1. d4 f5 2. g3 Nf6 3. Bg2 g6 4. c3 Bg7 5. Qb3 c6 6. Nd2 d6 7. a4 e6 8. Nc4 O-O
9. Bf4 Ne8 10. Nf3 d5 11. Nce5 Qe7 12. h4 c5 13. Qa3 b6 14. Nd3 Ba6 15. dxc5
Bxd3 16. exd3 bxc5 17. d4 Nd7 18. O-O Nef6 19. dxc5 Nxc5 20. Nd4 Rfe8 21. Nb5
Red8 22. Rfe1 Rac8 23. Rad1 Bf8 24. Nd4 Qf7 25. Qa2 Re8 26. Nf3 Nce4 27. Ne5
Qb7 28. f3 Nd6 29. Be3 Nd7 30. Nxd7 Qxd7 31. Re2 Rc4 32. Rd4 Rc7 33. Rd1 Rc4
34. Rd4 Rc7 35. Rd1 Rc4 36. Rd4 Rc7 37. Rd1 Rc4 38. Rd4 Rc7 39. Rd1 Rc4 40. Rd4
Rc7 41. Rd1 1/2-1/2

[Event "M.Chigorin Memorial 2014"]
[Site "St. Petersburg"]
[Date "2014.10.19"]
[Round "2.61"]
[White "Caprio, Guido"]
[Black "Minasyan, Arnold"]
[Result "0-1"]
[WhiteElo "2412"]
[BlackElo "2204"]
[PlyCount "62"]
[EventDate "2014.10.18"]
[EventType "swiss"]
[EventCountry "RUS"]

1. c4 e6 2. Nc3 d5 3. d4 Nf6 4. cxd5 exd5 5. Bg5 c5 6. Qc2 Be7 7. Nf3 O-O 8. e3
Nbd7 9. Bd3 Re8 10. O-O Nf8 11. Rab1 Ne4 12. Bf4 g5 13. Bg3 f5 14. Ne5 Bd6 15.
Nxe4 fxe4 16. Be2 Ng6 17. Bh5 Bxe5 18. Bxe5 Nxe5 19. Bxe8 Nc4 20. Bh5 g4 21. h3
gxh3 22. g3 Qg5 23. Be2 Bg4 24. Kh2 Nd6 25. Bxg4 Qxg4 26. Qd1 h5 27. f3 Qg6 28.
g4 Nf5 29. Rg1 Qd6+ 30. Kxh3 hxg4+ 31. Rxg4+ Ng7 0-1

[Event "M.Chigorin Memorial 2014"]
[Site "St. Petersburg"]
[Date "2014.10.19"]
[Round "2.62"]
[White "Saveliev, Alexei"]
[Black "Wallace, John Paul"]
[Result "1-0"]
[WhiteElo "2207"]
[BlackElo "2408"]
[PlyCount "70"]
[EventDate "2014.10.18"]
[EventType "swiss"]
[EventCountry "RUS"]

1. e4 c5 2. Nf3 e6 3. d4 cxd4 4. Nxd4 a6 5. Nc3 Qc7 6. Be2 Nf6 7. O-O d6 8. f4
Be7 9. Kh1 O-O 10. Be3 b5 11. e5 dxe5 12. fxe5 Nfd7 13. Bf3 Bb7 14. Bf4 Nc6 15.
Nxc6 Bxc6 16. Bxc6 Qxc6 17. Qe2 Nc5 18. a3 Rab8 19. Rad1 b4 20. axb4 Rxb4 21.
Bc1 f5 22. exf6 Bxf6 23. Rf3 Rc8 24. Re1 e5 25. Re3 h6 26. b3 Rh4 27. Ba3 Ne6
28. Ne4 Nd4 29. Qd3 Rd8 30. Nxf6+ Qxf6 31. Rxe5 Qf7 32. Re7 Qf4 33. Re8+ Rxe8
34. Rxe8+ Kf7 35. Rf8+ Ke6 1-0

[Event "M.Chigorin Memorial 2014"]
[Site "St. Petersburg"]
[Date "2014.10.19"]
[Round "2.63"]
[White "Tsydypov, Zhamsaran"]
[Black "Grigorjev, Iljya"]
[Result "1/2-1/2"]
[WhiteElo "2406"]
[BlackElo "2203"]
[PlyCount "64"]
[EventDate "2014.10.18"]
[EventType "swiss"]
[EventCountry "RUS"]

1. e4 e5 2. Nc3 Nf6 3. g3 d5 4. exd5 Nxd5 5. Bg2 Nxc3 6. bxc3 Bc5 7. Nf3 Nc6 8.
O-O O-O 9. Re1 Qf6 10. Bb2 Bg4 11. h3 Bh5 12. g4 Bg6 13. d4 exd4 14. cxd4 Rad8
15. c3 Bb6 16. Bc1 Qd6 17. a4 Rfe8 18. Ba3 Qf4 19. Bc1 Qd6 20. Bg5 f6 21. Be3
Bf7 22. Nd2 Na5 23. Qc2 c6 24. Be4 g6 25. Bd3 Bc7 26. f4 Rxe3 27. Rxe3 Qxf4 28.
Nf1 c5 29. Re4 Qf3 30. Re3 Qf4 31. Re4 Qf3 32. Re3 Qf4 1/2-1/2

[Event "M.Chigorin Memorial 2014"]
[Site "St. Petersburg"]
[Date "2014.10.19"]
[Round "2.64"]
[White "Bebchuk, Boris"]
[Black "Nezad, Husein Aziz"]
[Result "0-1"]
[WhiteElo "2204"]
[BlackElo "2400"]
[PlyCount "96"]
[EventDate "2014.10.18"]
[EventType "swiss"]
[EventCountry "RUS"]

1. e4 e5 2. Nf3 Nc6 3. Bb5 Nf6 4. O-O Nxe4 5. d4 Nd6 6. Bxc6 dxc6 7. dxe5 Nf5
8. Qxd8+ Kxd8 9. h3 Bd7 10. b3 Kc8 11. Bb2 h6 12. Nc3 a5 13. a4 b6 14. Ne2 c5
15. c4 Kb7 16. Rad1 Bc6 17. Nf4 g5 18. Nd5 Ng7 19. Nh2 Ne6 20. Ng4 Bg7 21. Rfe1
Rad8 22. Nge3 Rd7 23. f3 Rhd8 24. g3 Bh8 25. Kf2 Nd4 26. Bxd4 cxd4 27. Nf5 Bxd5
28. cxd5 Rxd5 29. Nxh6 R8d7 30. f4 gxf4 31. gxf4 b5 32. Rg1 bxa4 33. bxa4 c5
34. Rg8 Bxe5 35. fxe5 Rxe5 36. Ng4 Rh5 37. Kg3 Rd6 38. h4 c4 39. Rg5 Rxg5 40.
hxg5 c3 41. Rc1 Kc6 42. Kf4 Kd5 43. Ne3+ dxe3 44. Rxc3 e2 45. Rc1 Re6 46. Re1
Kd4 47. Kf3 Kd3 48. Kf2 Kd2 0-1

[Event "M.Chigorin Memorial 2014"]
[Site "St. Petersburg"]
[Date "2014.10.19"]
[Round "2.65"]
[White "Delemarre, Jop"]
[Black "Gogin, Maksim"]
[Result "1/2-1/2"]
[WhiteElo "2399"]
[BlackElo "2201"]
[PlyCount "81"]
[EventDate "2014.10.18"]
[EventType "swiss"]
[EventCountry "RUS"]

1. d4 Nf6 2. c4 c5 3. d5 b5 4. Qc2 bxc4 5. e4 g6 6. Bxc4 d6 7. Nf3 Bg7 8. O-O
O-O 9. h3 Nbd7 10. Rd1 Nb6 11. Be2 a5 12. Nc3 Ba6 13. Bxa6 Rxa6 14. Qe2 Qa8 15.
Bg5 Rb8 16. Rac1 Ra7 17. Rc2 Ne8 18. e5 dxe5 19. Nxe5 f6 20. Nc6 fxg5 21. Qe6+
Kh8 22. Ne4 Nc7 23. Qxe7 Nbxd5 24. Qxc5 Rab7 25. Nxb8 Rxb8 26. Rcd2 Bf8 27. Nd6
Nf4 28. f3 Nce6 29. Qc4 Qa7+ 30. Kh1 Bxd6 31. Rxd6 Qf2 32. Qc3+ Kg8 33. R6d2
Qg3 34. Qxa5 Nxh3 35. gxh3 Qxf3+ 36. Kh2 Qf4+ 37. Kh1 Qf3+ 38. Kh2 Qf4+ 39. Kh1
Qf3+ 40. Kh2 Qf4+ 41. Kh1 1/2-1/2

[Event "M.Chigorin Memorial 2014"]
[Site "St. Petersburg"]
[Date "2014.10.19"]
[Round "2.66"]
[White "Shkurkin, Nikolai"]
[Black "Slavin, Alexey"]
[Result "0-1"]
[WhiteElo "2204"]
[BlackElo "2397"]
[PlyCount "74"]
[EventDate "2014.10.18"]
[EventType "swiss"]
[EventCountry "RUS"]

1. e4 c5 2. Nc3 g6 3. f4 Bg7 4. Nf3 a6 5. a4 e6 6. Bc4 Ne7 7. d3 d5 8. Bb3 O-O
9. O-O Nbc6 10. Qe1 Nd4 11. Nxd4 cxd4 12. Ne2 dxe4 13. dxe4 Nc6 14. Rf3 Na5 15.
Ba2 Bd7 16. Bd2 b6 17. b4 Nb7 18. Bb3 Bc6 19. Ng3 Nd6 20. Rd3 e5 21. c3 Re8 22.
fxe5 Bxe5 23. Qf2 Ra7 24. Re1 Qf6 25. Qxf6 Bxf6 26. cxd4 Nxe4 27. Bf4 Rae7 28.
d5 Bb7 29. d6 Nxd6 30. Rxe7 Bxe7 31. Re3 Bf8 32. Rc3 Rc8 33. Rd3 Rd8 34. Be3 b5
35. axb5 axb5 36. Bc5 Kg7 37. Kf2 Ne4+ 0-1

[Event "M.Chigorin Memorial 2014"]
[Site "St. Petersburg"]
[Date "2014.10.19"]
[Round "2.67"]
[White "Pasiev, Rakhim"]
[Black "Sukhareva, Evgeniya"]
[Result "1-0"]
[WhiteElo "2393"]
[BlackElo "2196"]
[PlyCount "53"]
[EventDate "2014.10.18"]
[EventType "swiss"]
[EventCountry "RUS"]

1. e4 c5 2. Nf3 e6 3. d4 cxd4 4. Nxd4 a6 5. Bd3 Qb6 6. Nb3 Qc7 7. O-O Nf6 8. f4
d6 9. Nc3 Be7 10. Qf3 O-O 11. Be3 Nbd7 12. Rae1 b6 13. Qh3 g6 14. Kh1 Bb7 15.
f5 exf5 16. exf5 Ne5 17. Nd4 Nfg4 18. Be4 Nxe3 19. Bxb7 Qxb7 20. Rxe3 Rfe8 21.
Ne4 Rac8 22. fxg6 hxg6 23. Nf5 gxf5 24. Qxf5 Red8 25. Rh3 f6 26. Qh7+ Kf8 27.
Qh8+ 1-0

[Event "M.Chigorin Memorial 2014"]
[Site "St. Petersburg"]
[Date "2014.10.19"]
[Round "2.68"]
[White "Abdusattorova, Bakhora"]
[Black "Chashchev, Sergey"]
[Result "0-1"]
[WhiteElo "2202"]
[BlackElo "2390"]
[PlyCount "76"]
[EventDate "2014.10.18"]
[EventType "swiss"]
[EventCountry "RUS"]

1. d4 d6 2. c4 e5 3. Nf3 e4 4. Nfd2 f5 5. e3 Nf6 6. Nc3 g6 7. b3 Bg7 8. Bb2 O-O
9. Be2 c5 10. dxc5 dxc5 11. O-O Nc6 12. a3 Be6 13. Qc2 Qe7 14. Rfd1 Rad8 15.
Nf1 b6 16. Rxd8 Rxd8 17. Rd1 Kf7 18. Rxd8 Qxd8 19. Na2 Bf8 20. Bc3 Bd6 21. b4
Qe7 22. Qa4 Qd7 23. bxc5 Bxc5 24. Nc1 Ne5 25. Qb3 Bd6 26. f4 exf3 27. gxf3 Qc6
28. Nd2 Nfd7 29. Ba1 Bc5 30. Qc3 f4 31. Nf1 Nxf3+ 32. Bxf3 Qxf3 33. Qg7+ Ke8
34. Qh8+ Nf8 35. Bd4 Bh3 36. Qe5+ Ne6 37. Qb8+ Kf7 38. Qb7+ Qxb7 0-1

[Event "M.Chigorin Memorial 2014"]
[Site "St. Petersburg"]
[Date "2014.10.19"]
[Round "2.69"]
[White "Baraeva, Irina"]
[Black "Iljin, Timofey"]
[Result "0-1"]
[WhiteElo "2197"]
[BlackElo "2388"]
[PlyCount "42"]
[EventDate "2014.10.18"]
[EventType "swiss"]
[EventCountry "RUS"]

1. d4 Nf6 2. c4 e6 3. Nf3 d5 4. Nc3 Bb4 5. Bg5 h6 6. Bxf6 Qxf6 7. Qa4+ Nc6 8.
Ne5 O-O 9. Nxc6 Bxc3+ 10. bxc3 bxc6 11. e3 Qg6 12. Rc1 e5 13. cxd5 cxd5 14.
dxe5 Rb8 15. Qc2 Bf5 16. Qd2 Rb6 17. f3 Rfb8 18. g4 Bb1 19. Qxd5 Qg5 20. f4
Qh4+ 21. Ke2 Rb2+ 0-1

[Event "M.Chigorin Memorial 2014"]
[Site "St. Petersburg"]
[Date "2014.10.19"]
[Round "2.70"]
[White "Svetlov, Dmitry"]
[Black "Tarasov, Alexandr"]
[Result "1-0"]
[WhiteElo "2387"]
[BlackElo "2191"]
[PlyCount "83"]
[EventDate "2014.10.18"]
[EventType "swiss"]
[EventCountry "RUS"]

1. d4 d5 2. c4 c6 3. Nc3 dxc4 4. e4 b5 5. a4 b4 6. Nb1 Ba6 7. Be3 e5 8. Nf3
exd4 9. Qxd4 Qxd4 10. Nxd4 Nf6 11. f3 Nfd7 12. Nd2 c3 13. bxc3 bxc3 14. N2b3
Nc5 15. Na5 Ne6 16. Bxa6 Nxa6 17. Ndxc6 Nb4 18. Nxb4 Bxb4 19. Nc6 a5 20. Ke2
Kd7 21. Ne5+ Ke7 22. Rhd1 Rhc8 23. Rd7+ Ke8 24. Rb7 c2 25. Nd3 Bc5 26. Nxc5
Nxc5 27. Rb5 Ne6 28. Kd3 Rc6 29. Rc1 Nc7 30. Re5+ Kf8 31. Rc5 Rxc5 32. Bxc5+
Ke8 33. Rxc2 Na6 34. Rc4 Rc8 35. Bb6 Nb4+ 36. Kc3 Na2+ 37. Kd4 Ra8 38. Rc5 Nb4
39. Kc4 Ke7 40. Rxa5 Rb8 41. Ra7+ Ke6 42. Bc7 1-0

[Event "M.Chigorin Memorial 2014"]
[Site "St. Petersburg"]
[Date "2014.10.19"]
[Round "2.71"]
[White "Mamatov, Melis"]
[Black "Nanjo, Ryosuke"]
[Result "0-1"]
[WhiteElo "2191"]
[BlackElo "2384"]
[PlyCount "102"]
[EventDate "2014.10.18"]
[EventType "swiss"]
[EventCountry "RUS"]

1. e4 c5 2. f4 d5 3. exd5 Nf6 4. Nc3 Nxd5 5. Bb5+ Nc6 6. Nxd5 Qxd5 7. Qf3 Be6
8. d3 g6 9. Bd2 Bg7 10. Bc3 Bxc3+ 11. bxc3 O-O 12. Qxd5 Bxd5 13. Kf2 Rac8 14.
c4 Be6 15. Bxc6 Rxc6 16. Nf3 f6 17. Rhb1 Bc8 18. a4 h6 19. Nd2 g5 20. g3 Re8
21. Ne4 e5 22. Re1 Kf7 23. fxe5 Rxe5 24. Nc3 Rxe1 25. Rxe1 Bd7 26. Rb1 b6 27.
Ra1 a5 28. Nb5 f5 29. Re1 Rf6 30. Nc3 f4 31. Nd5 fxg3+ 32. Kxg3 Rd6 33. Nc3 Re6
34. Rf1+ Kg7 35. Rd1 h5 36. Kf2 Rf6+ 37. Kg1 g4 38. Re1 Kf7 39. Ne4 Rg6 40. Nc3
Re6 41. Rd1 Kg6 42. d4 cxd4 43. Rxd4 Bc6 44. Nd5 Kg5 45. Kf2 h4 46. Nxb6 Bf3
47. Nd7 Re2+ 48. Kg1 g3 49. hxg3 hxg3 50. Rd5+ Kh4 51. Re5 Rh2 0-1

[Event "M.Chigorin Memorial 2014"]
[Site "St. Petersburg"]
[Date "2014.10.19"]
[Round "2.72"]
[White "Gevorgyan, David"]
[Black "Zhikharev, Valeriy"]
[Result "1-0"]
[WhiteElo "2382"]
[BlackElo "2188"]
[PlyCount "120"]
[EventDate "2014.10.18"]
[EventType "swiss"]
[EventCountry "RUS"]

1. d4 e6 2. Nf3 f5 3. g3 Nf6 4. Bg2 d5 5. O-O Bd6 6. b3 Qe7 7. a4 O-O 8. c4 c6
9. Ba3 Bxa3 10. Nxa3 Na6 11. Ne5 Nb4 12. a5 Bd7 13. Qd2 Rfd8 14. c5 Na6 15. Nc2
Be8 16. Rfc1 Nc7 17. Nb4 a6 18. Nbd3 Nb5 19. Qe3 Bf7 20. f3 Re8 21. Bf1 h6 22.
Qf2 g5 23. e3 Nc7 24. Qd2 Kg7 25. Qb4 Rab8 26. Nf2 Bg6 27. Re1 Rf8 28. Ra2 Bh7
29. Bd3 Nd7 30. Nxd7 Qxd7 31. Rae2 Qe7 32. e4 dxe4 33. fxe4 f4 34. Ng4 Qe8 35.
Qc3 fxg3 36. hxg3 Kg8 37. d5 Qg6 38. d6 Nb5 39. Bxb5 axb5 40. e5 b4 41. Qxb4
Rf3 42. Re3 Rbf8 43. Nf6+ R3xf6 44. exf6 Qxf6 45. Qd2 Bf5 46. Qc3 Qf7 47. Qd4
Bh3 48. R3e2 e5 49. Qe3 Qe6 50. Rf2 Rxf2 51. Qxf2 Qd5 52. Qc2 Kg7 53. Kh2 Bd7
54. Qc3 Kf6 55. Rf1+ Kg7 56. Qf3 Qe6 57. g4 e4 58. Qf8+ Kg6 59. Qe7 e3 60.
Qxe6+ Bxe6 1-0

[Event "M.Chigorin Memorial 2014"]
[Site "St. Petersburg"]
[Date "2014.10.19"]
[Round "2.73"]
[White "Tologontegin, Semetey"]
[Black "Manin, Viktor"]
[Result "1-0"]
[WhiteElo "2379"]
[BlackElo "2137"]
[Annotator "Doe,John"]
[PlyCount "52"]
[EventDate "2014.10.18"]
[EventType "swiss"]
[EventCountry "RUS"]

1. d4 d5 2. Nc3 f5 3. Bg5 c6 4. Qd3 Qa5 5. Bd2 Na6 6. Nd1 Qc7 7. c4 e6 8. a3
Nf6 9. b4 Be7 10. g3 O-O 11. Nf3 Rb8 12. Bg2 Ne4 13. Bf4 Bd6 14. Bxd6 Qxd6 15.
O-O Nc7 16. Nb2 b6 17. Qb3 a5 18. Rfc1 f4 19. Nd3 fxg3 20. hxg3 a4 21. Qa2 Ba6
22. b5 Bb7 23. bxc6 Bxc6 24. Nb4 Bb7 25. cxd5 exd5 26. Ne5 Nxf2 {Unreadable}
1-0

[Event "M.Chigorin Memorial 2014"]
[Site "St. Petersburg"]
[Date "2014.10.19"]
[Round "2.74"]
[White "Pashinsky, Mikhail"]
[Black "Karasev, Vladimir I"]
[Result "1-0"]
[WhiteElo "2190"]
[BlackElo "2377"]
[PlyCount "143"]
[EventDate "2014.10.18"]
[EventType "swiss"]
[EventCountry "RUS"]

1. c4 e5 2. Nc3 Bb4 3. Nd5 Ba5 4. b4 c6 5. bxa5 cxd5 6. cxd5 Qxa5 7. e4 Nf6 8.
Qc2 O-O 9. a4 d6 10. Ba3 Qd8 11. f3 Ne8 12. Bd3 Bd7 13. Rb1 b6 14. Ne2 a6 15.
O-O b5 16. Rfc1 Ra7 17. Nc3 g6 18. Qd1 f5 19. Qe2 fxe4 20. Qe3 Rb7 21. Bxe4 Qb6
22. Rc2 Qxe3+ 23. dxe3 Kf7 24. axb5 axb5 25. Bd3 Ra7 26. Rb3 Ke7 27. Nxb5 Bxb5
28. Bxb5 Nc7 29. Bc6 Nxc6 30. Rxc6 Rd8 31. e4 Ne8 32. Bc1 Kd7 33. Be3 Rc7 34.
Rxc7+ Nxc7 35. Rb7 Kc8 36. Ra7 Rd7 37. Kf2 Nb5 38. Rxd7 Kxd7 39. Kg3 Ke7 40.
Kh4 Kf6 41. Bg5+ Kf7 42. Bd2 Nc7 43. Bb4 Ne8 44. Ba5 h6 45. Bd8 Ng7 46. Bc7 Ke7
47. Ba5 Kf6 48. Bd2 g5+ 49. Kg4 h5+ 50. Kg3 Kg6 51. Ba5 Ne8 52. Bd8 Ng7 53. Be7
Ne8 54. Kh3 Kh6 55. g4 Kg6 56. gxh5+ Kxh5 57. Kg3 Kg6 58. Kg4 Kf7 59. Bxg5 Nc7
60. Bc1 Nb5 61. Bb2 Nc7 62. h4 Ne8 63. h5 Nf6+ 64. Kg5 Nh7+ 65. Kf5 Nf6 66. Kg5
Nh7+ 67. Kh6 Nf6 68. Ba3 Ne8 69. Bb4 Kf6 70. Ba5 Kf7 71. Bd8 Ng7 72. Kg5 1-0